Statystyki dla Quiz o Minecrafcie

Kliknij tutaj aby rozwiązać quiz!

Ogólne statystyki

  • Ten quiz został rozwiązany 6 276 razy
  • Średni wynik to 38 z 119

Statystyki odpowiedzi

ZagadnienieOdpowiedzi% Poprawnych
Kolory w grzeCzerwony
90%
Niebieski
88%
Czarny
86%
Diament
86%
Diamentowa
86%
Zielony
86%
Żelazna
84%
Złota
84%
Żelazo
83%
Złoto
82%
Biały
81%
Żółty
79%
Surowce kopalnianeWęgiel
77%
Narzędzia i bronieMiecz
74%
Różowy
73%
Kilof
70%
Siekiera
68%
Łopata
66%
Fioletowy
65%
Pomarańczowy
65%
Motyka
63%
Szary
63%
Łuk
62%
Dropy z mobówKość
58%
Lazuryt
57%
Szmaragd
56%
Czerwony kamień
55%
Zgniłe mięso
53%
Brązowy
52%
Chleb
51%
Moby pasywneKrowa
50%
Kurczak
50%
Marchewka
50%
Skórzana
49%
Świnia
48%
Surowce z NetheruKwarc
47%
Rodzaje mięsaWołowina
46%
Ziemniak
45%
Owoce, warzywa i pieczywoJabłko
44%
Wieprzowina
43%
Nić
40%
Owca
40%
Oko pająka
37%
Błękitny
35%
Burak
33%
Strzała
33%
Wełna
33%
Pustynia
32%
Skóra
32%
Baranina
31%
Koń
27%
Las
27%
Wilk
26%
Wrzosowy
25%
Jasnoniebieski
24%
Królik
24%
Dżungla
23%
Kolcza
23%
Duch
22%
Jasnoszary
22%
Kot
21%
Limonkowy
21%
Melon
20%
Wioska
20%
Materiały i rodzaje zbroiHełm
19%
Buty
18%
Ciasto
18%
Proch strzelniczy
18%
Wędka
18%
Płomień
17%
Góry
16%
Ocean
16%
Rodzaje biomówTajga
16%
Napierśnik
14%
Pióro
14%
Krzesiwo
13%
Osioł / Muł
13%
Rodzaje strukturPiramida
12%
Sawanna
11%
Świątynia dżunglowa
11%
Tundra
11%
Kałamarnica
10%
Jasnogłaz
9%
Nietoperz
9%
Perła Kresu
9%
Szkło
9%
Ciasteczko
8%
Osadnik
8%
Dywan
7%
Stoliwo
7%
Rzeczy zabarwianeGlina
6%
Moby z NetheruKostka magmy
6%
Zombie świnia
6%
Kompas
5%
Rzeka
5%
Las brzozowy
4%
Loch
4%
Opuszczona kopalnia
4%
Studnia
4%
Uschnięty szkielet
4%
Zegar
4%
Brodawka
3%
Kula szlamu
3%
Leginsy
3%
Plaża
3%
Podwodna świątynia
3%
Równiny
3%
Skała z Netheru
3%
Szyba
3%
Cegły z Netheru
2%
Chatka wiedźmy
1%
Kwiecisty biom
1%
Śnieżny golem
1%
Lodowe szczyty
0%
Śnieżne równiny
0%
Zadaszony las
0%

Rozkład punktacji

Percentyl według liczby udzielonych odpowiedzi

Procent ludzi z każdym wynikiem

Twoja historia wyników

Nie rozwiązałeś tego quizu